LEADER 00986nam a22002531i 4500 001 991002024939707536 005 20040119121538.0 008 040407s1995 it |||||||||||||||||ita 035 $ab1285931x-39ule_inst 035 $aARCHE-083893$9ExL 040 $aDip.to Scienze Storiche$bita$cA.t.i. Arché s.c.r.l. Pandora Sicilia s.r.l. 082 04$a332.0952 100 1 $aGuerrini, Roberto$0204840 245 13$aIl mercato finanziario internazionale di Singapore /$cRoberto Guerrini 260 $aFirenze :$bBanca toscana,$cc1995 300 $a55 p. ;$c24 cm 440 0$aStudi e informazioni.$pQuaderni ;$v47 650 4$aFinanza$zGiappone 907 $a.b1285931x$b02-04-14$c16-04-04 912 $a991002024939707536 945 $aLE009 Per. St. 340.1, 47$g1$iLE009-10791$lle009$o-$pE0.00$q-$rn$so $t0$u0$v0$w0$x0$y.i13419547$z16-04-04 996 $aMercato finanziario internazionale di Singapore$9303386 997 $aUNISALENTO 998 $ale009$b16-04-04$cm$da $e-$fita$git $h3$i1